|
|
|
|
| LEADER |
00000cam a2200000 7i4500 |
| 001 |
0000000277 |
| 005 |
20000727.0 |
| 020 |
0 |
0 |
|a 9810096259
|
| 090 |
0 |
0 |
|a 332.450959
|b RAN 1997
|
| 100 |
0 |
0 |
|a Ranjit Gill
|
| 245 |
1 |
0 |
|a Black September :
|b Nationalistic ego, indifference and greed throw Southeast Asia's equity and financial markets into turmoil
|c Ranjit Gill
|
| 260 |
0 |
0 |
|a Singapore :
|b Epic Management Services Pte. Ltd. ,
|c 1997
|
| 300 |
|
|
|a 197 p. :
|b ill. ;
|c 22 cm.
|
| 650 |
0 |
0 |
|a Devaluation of currency
|z Asia, Southeastern
|
| 650 |
0 |
0 |
|a Financial crises Asia, Southeastern
|
| 650 |
0 |
0 |
|a Foreign exchange
|z Asia, Southeastern
|
| 650 |
0 |
0 |
|a Money market
|z Asia, Southeastern
|
| 999 |
|
|
|a 0000001467
|b Monograph
|c Open Shelf
|e Default branch
|